Atlas do mundo (Registo nº 2771)

Detalhes MARC
000 -Etiqueta do registo
Cabeçalho 00713nam a22002891 4500
005 - Identificador da versão
Campo de controlo 20240813121944.0
010 ## - Número internacional normalizado dos livros (ISBN)
Número (ISBN) 9724719987
021 ## - Número do Depósito Legal
Código do país PT
Número 171636/01
100 ## - Dados gerais de processamento
Dados gerais de processamento 20020615d2001 damy0pory5003 ba
102 ## - Pais de publicação ou produção
País de publicação Portugal
101 1# - Língua de publicação
Língua do texto, banda sonora, etc. Português
106 ## - Campo de dados codificados: material textual
Dados codificados do material textual r
105 ## - Campo de dados codificados: livros
Dados codificados dos livros ab z 001yy
215 ## - Descrição física 
Indicação específica da natureza do documento e extensão da espécie 88 p.
Outras indicações físicas il.
Dimensões 26 cm
200 1# - Titulo e menção de responsabilidade
Título próprio Atlas do mundo
Primeira menção de responsabilidade edit. Texto Editora
205 ## - Menção da edição
Menção da edição 1ª ed
210 ## - Publicação, Distribuição, etc. 
Lugar da edição, distribuição, etc. Liboa
Nome do editor, distribuidor, etc. Texto
Data da publicação, distribuição, etc. 2001
606 ## - Nome comum usado como assunto
Número de registo de entrada de autoridade 0001467
Palavra de ordem Geografia
Subdivisão de assunto Atlas
Número de registo de entrada de autoridade 0001468
Palavra de ordem Etnografia
675 ## - Classificação Decimal Universal (CDU)
Notação 91
Edição
Língua da edição por
Notação 39
Edição
Língua da edição por
710 02 - Nome de colectividade-autor (responsabilidade principal)
Número de registo de entrada de autoridade 0001741
Palavra de ordem Texto Editora
942 ## - Elementos de entrada adicionados (Koha)
Tipo de item no Koha Livro
Exemplares
Situação do levantamento Origin of item (home branch) (coded) Biblioteca de empréstimo Código de barras Cota Circulation type (not for loan) Tipo de documento Nota do exemplar Damaged status
  Biblioteca Escolar da Coca Maravilhas Biblioteca Escolar da Coca Maravilhas BECM5635/02 9GEO ATL   Livro Sem mensagem